000 00249nam a22000857a 4500
008 160824b xxu||||| |||| 00| 0 eng d
100 _9225
_aBhagat C
245 _aRevolution 2020
_bLove, Corruption and Ambition
260 _aNew Delhi
_bRuba publication
_c2011
999 _c2882
_d2882